| 000 | 00479nam a2200181Ia 4500 | ||
|---|---|---|---|
| 008 | 230917s9999||||xx |||||||||||||| ||und|| | ||
| 020 | _cRS495 | ||
| 040 |
_e222288 _aMAIN |
||
| 041 | _aEnglish | ||
| 082 | _a005.133 J251C(3) | ||
| 100 | _aJana, Debasish | ||
| 245 | 0 | _aC++ and object oriented programming | |
| 250 | _a3rd ed. | ||
| 260 |
_aNew Delhi _bPHI Learning _c2014 |
||
| 300 | _axxv, 551 p. | ||
| 500 | _a1812 09/01/2015 HBD6390 13/03/2015 Main Budget | ||
| 942 | _cBK | ||
| 999 |
_c13496 _d13496 |
||